Nonsense - Sabrina Carpenter - Statistics

General Stats
  • This quiz has been taken 72 times
  • The average score is 358 of 397
Answer Stats
Hint Answer % Correct
a
100%
(A
100%
do
100%
E
100%
I
100%
in
100%
in)
100%
L
100%
Me
100%
me
100%
(Me)
100%
me?
100%
my
100%
no
100%
(No,
100%
no),
100%
nonsense
100%
(Nonsense)
100%
O
100%
Verse 1 Think
100%
think
100%
to
100%
You
100%
you
100%
an
98%
and
98%
And
98%
can
98%
"Don't
98%
don't
98%
it
98%
make
98%
one
98%
so
98%
the
98%
want
98%
when
98%
(When
98%
When
98%
your
98%
change
95%
contact
95%
eyes
95%
got
95%
like
95%
might
95%
numb,
95%
number
95%
phone
95%
said
95%
Alone"
93%
be
93%
Pre-Chorus But
93%
but
93%
'em
93%
I'm
93%
Leave
93%
oh
93%
Oh,
93%
(Oh)
93%
only
93%
song
93%
thinkin'
93%
can't
90%
feels
90%
get
90%
goes
90%
good
90%
How
90%
it's
90%
roll
90%
this
90%
Outro This
90%
up
90%
V
90%
about
88%
around
88%
close
88%
energy
88%
ex,
88%
forgot
88%
him
88%
keep
88%
of
88%
queen,
88%
sounds
88%
tongue
88%
at
86%
had
86%
hit
86%
hit,
86%
myself
86%
octave
86%
talkin'
86%
talkin',
86%
thought
86%
Treat
86%
with
86%
wrote
86%
wrote),
86%
young
86%
all
83%
arms
83%
Baby,
83%
baby,
83%
deep
83%
deep)
83%
honest
83%
(Honest)
83%
Chorus I'll
83%
is
83%
jump
83%
Lookin'
83%
opposite
83%
pop
83%
Pop
83%
quiz
83%
walk
83%
wild,
83%
wild
83%
write
83%
"bleh
81%
'bleh
81%
bleh
81%
clothes
81%
else
81%
feelin'
81%
gotta
81%
help
81%
Here's
81%
lost
81%
morning,
81%
off?
81%
quickly
81%
soft
81%
take
81%
too
81%
(Too
81%
Woke
81%
clock
79%
even
79%
find
79%
some
79%
thoughts
79%
blah
76%
(blah,
76%
blah,
76%
blah)
76%
gonna
76%
I'd
76%
know,
76%
know
76%
lil'
76%
not
74%
sock
74%
stomach
74%
chill,
71%
house
71%
nobody
71%
these
71%
bet
69%
blee"
69%
other
69%
than
69%
where
69%
aren't
67%
Cartwheels
67%
knocks
67%
must've
67%
now
67%
Spoken Outro That
67%
catchier
64%
caught
64%
thrown,
64%
chickenpox
62%
hope
60%
Most
60%
one's
50%
anymore
43%
No matching quizzes found
Score Distribution
Percent of People with Each Score
Percentile by Number Answered
Your Score History
You have not taken this quiz